Catálogo - Centro de Recursos para el Aprendizaje y la Investigación
Volver al Sitio - CRAI Biblioteca| 000 -CABECERA | |
|---|---|
| campo de control de longitud fija | 05010nam a2200361Ia 4500 |
| 001 - NÚMERO DE CONTROL | |
| campo de control | 114168 |
| 003 - IDENTIFICADOR DEL NÚMERO DE CONTROL | |
| campo de control | DR-UNIBE |
| 005 - FECHA Y HORA DE LA ÚLTIMA TRANSACCIÓN | |
| campo de control | 20251021153339.0 |
| 008 - DATOS DE LONGITUD FIJA--INFORMACIÓN GENERAL | |
| campo de control de longitud fija | 251021b2007 dr ||||| |||| 00| 0 spa d |
| 020 ## - NÚMERO INTERNACIONAL ESTÁNDAR DEL LIBRO | |
| Número Internacional Estándar del Libro | 97899451401125 |
| 040 ## - FUENTE DE LA CATALOGACIÓN | |
| Centro catalogador/agencia de origen | BIBLIOTECA UNIBE |
| Centro/agencia transcriptor | BIBLIOTECA UNIBE |
| Lengua de catalogación | spa |
| 041 ## - CÓDIGO DE LENGUA | |
| Código de lengua del texto/banda sonora o título independiente | spa |
| 082 0# - NÚMERO DE LA CLASIFICACIÓN DECIMAL DEWEY | |
| Número de clasificación | RD 345.729305 O77c 2007 |
| 100 10 - ENTRADA PRINCIPAL--NOMBRE DE PERSONA | |
| Nombre de persona | Ortega Polanco, Francisco Antonio, |
| Fechas asociadas al nombre | 1969- |
| 9 (RLIN) | 21041 |
| Término indicativo de función/relación | autor |
| 245 10 - MENCIÓN DE TÍTULO | |
| Título | Código procesal penal : |
| Resto del título | por un juez en ejercicio. Tomo 2 / |
| Mención de responsabilidad, etc. | Francisco Ortega Polanco |
| 250 ## - MENCIÓN DE EDICIÓN | |
| Mención de edición | Primera edición |
| 260 ## - PUBLICACIÓN, DISTRIBUCIÓN, ETC. | |
| Lugar de publicación, distribución, etc. | Santo Domingo : |
| Nombre del editor, distribuidor, etc. | [Editor no identificado], |
| Fecha de publicación, distribución, etc. | 2007 |
| 300 ## - DESCRIPCIÓN FÍSICA | |
| Extensión | 583 páginas ; |
| Dimensiones | 26 cm |
| 505 0# - NOTA DE CONTENIDO CON FORMATO | |
| Nota de contenido con formato | Presentación |<br/>Prefacio |<br/>Abreviaturas |<br/>Código procesal penal de la República Dominicana |<br/>LIBRO I. DISPOSICIONES GENERALES |<br/>TÍTULO I. PRINCIPIOS FUNDAMENTALES |<br/>Capítulo 1. La acción penal |<br/>Sección 1. Ejercicio de la acción penal |<br/>Sección 2. Criterios de oportunidad |<br/>Sección 3. Conciliación |<br/>Sección 4. Suspensión condicional del procedimiento |<br/>Sección 5. Extinción de la acción penal |<br/>Capítulo 2. Ejercicio y régimen de la acción civil |<br/>Capítulo 3. Excepciones |<br/>LIBRO II. LA JURISDICCIÓN PENAL |<br/>Capítulo 1. Jurisdicción y competencia |<br/>Capítulo 2. Tribunales competentes |<br/>Capítulo 3. Motivos de inhibición y recusación |<br/>TÍTULO II. VÍCTIMA Y QUERELLANTE |<br/>Capítulo 1. La víctima |<br/>Capítulo 2. Querellante |<br/>TÍTULO III. MINISTERIO PÚBLICO Y ÓRGANOS AUXILIARES |<br/>Capítulo 1. Ministerio público |<br/>Capítulo 2. Los órganos de investigación y auxiliares |<br/>TÍTULO IV. EL IMPUTADO |<br/>Capítulo 1. Normas generales |<br/>Capítulo 2. Declaración del imputado |<br/>TÍTULO V. LA DEFENSA TÉCNICA |<br/>TÍTULO VI. PARTES CIVILES |<br/>Capítulo 1. El actor civil |<br/>Capítulo 2. El tercero civilmente demandado |<br/>TÍTULO VII. AUXILIARES DE LAS PARTES |<br/>TÍTULO VIII. OBLIGACIONES DE LAS PARTES |<br/>LIBRO III. ACTIVIDAD PROCESAL |<br/>TÍTULO ÚNICO. ACTOS PROCESALES |<br/>Capítulo 1. Actos y resoluciones |<br/>Capítulo 2. Plazos |<br/>Capítulo 3. Control de la duración del proceso |<br/>Capítulo 4. Cooperación judicial internacional |<br/>LIBRO IV. MEDIOS DE PRUEBA |<br/>TÍTULO I. NORMAS GENERALES |<br/>TÍTULO II. COMPROBACIÓN INMEDIATA Y MEDIOS AUXILIARES |<br/>TÍTULO III. TESTIMONIOS |<br/>TÍTULO IV. PERITOS |<br/>TÍTULO V. OTROS MEDIOS DE PRUEBA |<br/>LIBRO V. MEDIDAS DE COERCIÓN |<br/>TÍTULO I. NORMAS GENERALES |<br/>TÍTULO II. MEDIDAS DE COERCIÓN PERSONALES |<br/>Capítulo 1. Arresto y conducencia |<br/>Capítulo 2. Otras medidas |<br/>Capítulo 3. Revisión de las medidas de coerción |<br/>TÍTULO III. MEDIDAS DE COERCIÓN REALES |<br/>LIBRO IV. COSTAS E INDEMNIZACIONES |<br/>TÍTULO I. DE LAS COSTAS |<br/>TÍTULO II. DE LA INDEMNIZACIÓN AL IMPUTADO |<br/>PARTE ESPECIAL. LIBRO I. PROCEDIMIENTO COMÚN |<br/>TÍTULO I. PROCEDIMIENTO PREPARATORIO |<br/>Capítulo 1. Normas generales |<br/>Capítulo 2. Actos iniciales |<br/>Sección 1. Denuncia |<br/>Sección 2. Querella |<br/>Sección 3. Intervención de la policía judicial |<br/>Sección 4. Investigación preliminar |<br/>Capítulo 3. Desarrollo de la investigación |<br/>Capítulo 4. Conclusión del procedimiento preparatorio |<br/>TÍTULO II. AUDIENCIA PRELIMINAR |<br/>TÍTULO III. EL JUICIO |<br/>Capítulo 1. Preparación del debate |<br/>Capítulo 2. Principios generales del juicio |<br/>Capítulo 3. De la sustanciación del juicio |<br/>Sección 1. De la vista de la causa |<br/>Sección 2. De la deliberación y la sentencia |<br/>Sección 3. Del registro o acta de audiencia |<br/>Sección 4. División del juicio |<br/>LIBRO II. PROCEDIMIENTOS ESPECIALES |<br/>TÍTULO I. PROCEDIMIENTO POR CONTRAVENCIONES |<br/>TÍTULO II. PROCEDIMIENTO PARA INFRACCIONES DE ACCIÓN PRIVADA |<br/>TÍTULO III. PROCEDIMIENTO PENAL ABREVIADO |<br/>Capítulo 1. Acuerdo pleno |<br/>Capítulo 2. Acuerdo parcial |<br/>TÍTULO IV. PROCEDIMIENTO PARA ASUNTOS COMPLEJOS |<br/>TÍTULO V. PROCEDIMIENTO PARA IMPUTABLES |<br/>TÍTULO VI. COMPETENCIA ESPECIAL |<br/>TÍTULO VII. EL HÁBEAS CORPUS |<br/>LIBRO III. LOS RECURSOS |<br/>TÍTULO I. DISPOSICIONES GENERALES |<br/>TÍTULO II. DE LA OPOSICIÓN |<br/>TÍTULO III. DE LA APELACIÓN |<br/>TÍTULO IV. APELACIÓN DE LA SENTENCIA |<br/>TÍTULO V. DE LA CASACIÓN |<br/>TÍTULO VI. DE LA REVISIÓN |<br/>LIBRO IV. EJECUCIÓN |<br/>TÍTULO I. EJECUCIÓN PENAL |<br/>Capítulo 1. Normas generales |<br/>Capítulo 2. Procedimiento |<br/>TÍTULO II. EJECUCIÓN CIVIL<br/><br/><br/><br/><br/> |
| 650 #7 - PUNTO DE ACCESO ADICIONAL DE MATERIA--TÉRMINO DE MATERIA | |
| Término de materia o nombre geográfico como elemento de entrada | Procedimiento penal |
| Fuente del encabezamiento o término | lemb |
| Subdivisión geográfica | República Dominicana |
| 9 (RLIN) | 15663 |
| 650 #7 - PUNTO DE ACCESO ADICIONAL DE MATERIA--TÉRMINO DE MATERIA | |
| Término de materia o nombre geográfico como elemento de entrada | Solución de conflictos |
| 9 (RLIN) | 98137 |
| Fuente del encabezamiento o término | lemb |
| 650 #7 - PUNTO DE ACCESO ADICIONAL DE MATERIA--TÉRMINO DE MATERIA | |
| Término de materia o nombre geográfico como elemento de entrada | Jueces |
| 9 (RLIN) | 98138 |
| Fuente del encabezamiento o término | lemb |
| 650 #7 - PUNTO DE ACCESO ADICIONAL DE MATERIA--TÉRMINO DE MATERIA | |
| Término de materia o nombre geográfico como elemento de entrada | Administración de justicia penal |
| 9 (RLIN) | 98139 |
| Fuente del encabezamiento o término | lemb |
| 650 #7 - PUNTO DE ACCESO ADICIONAL DE MATERIA--TÉRMINO DE MATERIA | |
| Término de materia o nombre geográfico como elemento de entrada | Procesos (Derechos) |
| 9 (RLIN) | 11259 |
| Fuente del encabezamiento o término | lemb |
| 650 #7 - PUNTO DE ACCESO ADICIONAL DE MATERIA--TÉRMINO DE MATERIA | |
| Término de materia o nombre geográfico como elemento de entrada | Igualdad ante la ley |
| 9 (RLIN) | 98140 |
| Fuente del encabezamiento o término | lemb |
| 650 #7 - PUNTO DE ACCESO ADICIONAL DE MATERIA--TÉRMINO DE MATERIA | |
| Término de materia o nombre geográfico como elemento de entrada | Derecho penal |
| 951 ## - EQUIVALENCIA O REFERENCIA-CRUZADA--NOMBRE GEOGRÁFICO/NOMBRE DE ÁREA [OBSOLETO] [solamente CAN/MARC] | |
| Nombre geográfico | 20061022 10:18:00 |
| 700 1# - PUNTO DE ACCESO ADICIONAL--NOMBRE DE PERSONA | |
| Nombre de persona | Hernández Mejía, Edgar |
| Término indicativo de función/relación | presentación |
| -- | revisor de contenido |
| 9 (RLIN) | 5180 |
| 700 1# - PUNTO DE ACCESO ADICIONAL--NOMBRE DE PERSONA | |
| Nombre de persona | Pellerano Gómez, Juan Manuel |
| Término indicativo de función/relación | prefacio |
| 9 (RLIN) | 200122 |
| 700 1# - PUNTO DE ACCESO ADICIONAL--NOMBRE DE PERSONA | |
| Nombre de persona | Febles, Miguel |
| Término indicativo de función/relación | revisor de estilo |
| 9 (RLIN) | 182374 |
| 700 1# - PUNTO DE ACCESO ADICIONAL--NOMBRE DE PERSONA | |
| Nombre de persona | Rivera, Santiago |
| Término indicativo de función/relación | diagramador |
| 9 (RLIN) | 147927 |
| 942 ## - ELEMENTOS DE PUNTO DE ACCESO ADICIONAL (KOHA) | |
| Tipo de ítem Koha | Libro (general) |
| Fuente del sistema de clasificación o colocación | Sistema de Clasificación Decimal Dewey |
| Estado de retiro | Estado de pérdida | Fuente del sistema de clasificación o colocación | No para préstamo | Código de colección | Localización permanente | Fecha de adquisición | Total de préstamos | Signatura topográfica completa | Código de barras | Fecha visto por última vez | Número de copia | Precio válido a partir de | Tipo de ítem Koha |
|---|---|---|---|---|---|---|---|---|---|---|---|---|---|
| Disponible | Sistema de Clasificación Decimal Dewey | General - Libros dominicanos | Biblioteca Central UNIBE | 21/08/2025 | RD 345.729305 O77c 2007 | 251054 | 21/10/2025 | Ej. 1 | 21/10/2025 | Libro (general) |